| 000 | 01361nam a2200313 ia4500 | ||
|---|---|---|---|
| 003 | OSt | ||
| 005 | 20260420111230.0 | ||
| 008 | 260419s2025 nyua jrb 000 0 eng d | ||
| 020 |
_a9780241743287 _cRM 98.90 _qhardback |
||
| 040 |
_aPPAK _beng _cPPAK _erda |
||
| 082 | 0 | 4 |
_223 _a616.4622 |
| 090 | 0 | 0 |
_a616.4622 _bGEO _dK |
| 100 | 1 |
_aGeorge, Karli, _eauthor. |
|
| 245 | 1 | 0 |
_aa kids book about TYPE 1 DIABETES / _cby Karli George |
| 246 | 3 | 0 | _aType 1 diabetes |
| 250 | _aFirst American edition. | ||
| 264 | 1 |
_aNew York : _bDK Publishing, _c[2025] |
|
| 300 |
_a1 volume (unpaged) : _bcolour illustrations ; _c26 cm |
||
| 336 |
_atext _2rdacontent |
||
| 337 |
_aunmediated _2rdamedia |
||
| 338 |
_avolume _2rdacarrier |
||
| 490 | 1 | _aa kids book about | |
| 520 |
_aType 1 diabetes is a chronic illness which affects a lot of people, and being diagnosed can feel scary. This author shows kids that diabetes can be managed and how to thrive in their new reality. Learn about what type 1 diabetes is, things to look out for, tools to best manage it, and feel encouraged -- with care, attention, and bravery, you are capable of anything"-- _cProvided by publisher |
||
| 521 | 1 | _aAges 5+ | |
| 650 | 1 | 0 |
_aType 1 diabetes. _vJuvenile literature |
| 650 | 2 | 0 |
_aDiabetes _vJuvenile literature |
| 830 | 0 | _aa kids book about | |
| 942 |
_2ddc _cB |
||
| 999 |
_c203898 _d203898 |
||